أختي الجديدة / (رقم التسجيلة. 247145)

تفاصيل مارك
000 -الفاتح
عناصر البيانات ثابتة الطول 01132nam a22003137i 4500
005 - تاريخ ووقت آخر معاملة
حقل ضبط 20251108191216.0
008 - عناصر البيانات ثابتة الطول
عناصر البيانات ثابتة الطول 250906s2020 ua a|||cr|||| 00| j ara d
020 ## - الترقيم الدولي المعياري للكتب (ردمك)
الترقيم الدولي المعياري للكتب (ردمك) 9789777952835
040 ## - مصدر الفهرسة
هيئة الفهرسة الأصلية JO-AmGAM
قواعد الوصف rda
041 1# - كود اللغة
كود اللغة لنص/مسار صوت أو عنوان منفصل ara
082 14 - رقم تصنيف ديوي العشري
رقم التصنيف ق
رقم المادة إ ي س
100 1# - مدخل رئيسي – اسم شخصي
الاسم الشخصي إيتسون، توم
علاقة الشخص بالعمل/ دوره مؤلف.
245 10 - بيان العنوان
العنوان أختي الجديدة /
بيان المسؤولية بقلم توم إيستون ؛ ترجمة ولاء كمال ؛ رسوم تشارلي آلدر ؛ إشراف نورا رشاد.
250 ## - بيان الطبعة
بيان الطبعة الطبعة الأولى.
264 31 - بيانات النشر، التوزيع…إلخ
مكان النشر، التوزيع...إلخ القاهرة :
اسم الناشر، الموزع...إلخ الدار المصرية اللبنانية،
تاريخ النشر، التوزيع...إلخ 2020.
300 ## - الوصف المادي
عدد الوحدات المكونة للوعاء 32 صفحة.
336 ## - نوع المحتوى
المصدر rdacontent
مصطلح نوع المحتوى نص
كود نوع المحتوى txt
337 ## - نوع الوسيط
المصدر rdamedia
مصطلح نوع الوسيط دون وسيط عرض
كود نوع الوسيط n
338 ## - نوع الحامل
المصدر rdacarrier
مصطلح نوع الحامل مجلد
كود نوع الحامل nc
490 1# - بيان السلسلة
عنوان السلسلة مغامرات جديدة.
650 17 - مدخل إضافي بالموضوع - مصطلح موضوعي
مصطلح موضوعي أو اسم جغرافي كعنصر مدخل أدب الأطفال.
650 17 - مدخل إضافي بالموضوع - مصطلح موضوعي
مصطلح موضوعي أو اسم جغرافي كعنصر مدخل قصص قصيرة.
700 1# - مدخل إضافي - اسم شخصي
الاسم الشخصي كمال، ولاء
علاقة الشخص بالعمل/ دوره مترجم.
700 1# - مدخل إضافي - اسم شخصي
الاسم الشخصي آلدر، تشارلي
علاقة الشخص بالعمل/ دوره رسام.
700 1# - مدخل إضافي - اسم شخصي
الاسم الشخصي رشاد، نورا
علاقة الشخص بالعمل/ دوره مشرف.
830 #0 - مدخل إضافي بالسلسلة-عنوان مقنن
عنوان السلسسلة مغامرات جديدة.
942 ## - بيانات إضافية (كوها)
نوع التنصيف Dewey Decimal Classification
نوع المادة (كوها) كتب
المقتنيات
حالة السحب حالة الفقدان مصدر التصنيف حالة التلف غير قابل للإعارة المكتبة الرئيسية المكتبة الحالية موقع الرف تاريخ التزويد مصدر التزويد العملة التكلفة، سعر الشراء العادي الرقم المتسلسل Total Checkouts رقم الإستدعاء الباركود تاريخ آخر ظهور التكلفة وسعر الاستبدال تاريخ الفاتورة نوع المادة (كوها)
    Dewey Decimal Classification     المكتبة المركزية المكتبة المركزية الأطفال 21/10/2025 18 JOD 3.00 1795421   ط / ق / إ ي س PLD00518461 21/10/2025 3.00 21/10/2025 كتب
    Dewey Decimal Classification     مكتبة قتيبة للأطفال مكتبة قتيبة للأطفال الأطفال 21/10/2025 18 JOD 3.00 1795423   ط / ق / إ ي س PLD00518463 21/10/2025 3.00 21/10/2025 كتب
    Dewey Decimal Classification     مكتبة أم المؤمنين للأطفال مكتبة أم المؤمنين للأطفال الأطفال 21/10/2025 18 JOD 3.00 1795427   ط / ق / إ ي س PLD00518467 21/10/2025 3.00 21/10/2025 كتب
    Dewey Decimal Classification     مكتبة البراءة للأطفال مكتبة البراءة للأطفال الأطفال 21/10/2025 18 JOD 3.00 1795430   ط / ق / إ ي س PLD00518470 21/10/2025 3.00 21/10/2025 كتب
    Dewey Decimal Classification     مكتبة البيادر مكتبة البيادر الأطفال 21/10/2025 18 JOD 3.00 1795425   ط / ق / إ ي س PLD00518465 21/10/2025 3.00 21/10/2025 كتب
    Dewey Decimal Classification     مكتبة الراية الهاشمية للأطفال مكتبة الراية الهاشمية للأطفال الأطفال 21/10/2025 18 JOD 3.00 1795426   ط / ق / إ ي س PLD00518466 21/10/2025 3.00 21/10/2025 كتب
    Dewey Decimal Classification     مكتبة النصر العامة مكتبة النصر العامة الأطفال 21/10/2025 18 JOD 3.00 1795429   ط / ق / إ ي س PLD00518469 21/10/2025 3.00 21/10/2025 كتب
    Dewey Decimal Classification     مكتبة عدن للأطفال مكتبة عدن للأطفال الأطفال 21/10/2025 18 JOD 3.00 1795422   ط / ق / إ ي س PLD00518462 21/10/2025 3.00 21/10/2025 كتب
    Dewey Decimal Classification     مكتبة مرج الحمام مكتبة مرج الحمام الأطفال 21/10/2025 18 JOD 3.00 1795424   ط / ق / إ ي س PLD00518464 21/10/2025 3.00 21/10/2025 كتب
    Dewey Decimal Classification     مكتبة ومركز فرح مكتبة ومركز فرح الأطفال 21/10/2025 18 JOD 3.00 1795428   ط / ق / إ ي س PLD00518468 21/10/2025 3.00 21/10/2025 كتب
Implemented & Customized by: BBB with SCIT (Smart Chains for Information Technology)

Powered by Koha